Building surveys and reports (Record no. 104382)
[ view plain ]
| 000 -LEADER | |
|---|---|
| fixed length control field | 01213cam a2200229 4500 |
| 001 - CONTROL NUMBER | |
| control field | L130182 |
| 008 - FIXED-LENGTH DATA ELEMENTS--GENERAL INFORMATION | |
| fixed length control field | 050630n2005 000 0 eng u |
| 020 ## - INTERNATIONAL STANDARD BOOK NUMBER | |
| International Standard Book Number | 1405121475 |
| -- | 9781405171694 |
| 035 ## - SYSTEM CONTROL NUMBER | |
| System control number | (Sirsi) u130182 |
| 050 ## - LIBRARY OF CONGRESS CALL NUMBER | |
| Classification number | 690.2 |
| -- | 18 |
| 100 ## - MAIN ENTRY--PERSONAL NAME | |
| Personal name | Noy, Edward A |
| 245 ## - TITLE STATEMENT | |
| Title | Building surveys and reports |
| 250 ## - EDITION STATEMENT | |
| Edition statement | 3rd rev. ed. |
| 260 ## - PUBLICATION, DISTRIBUTION, ETC. | |
| Place of publication, distribution, etc. | Oxford |
| Name of publisher, distributor, etc. | Blackwell Publishing Ltd |
| Date of publication, distribution, etc. | 2005 |
| 350 ## - PRICE (NR) (BK AM CF MU VM SE) [OBSOLETE] | |
| Price | 34.99 |
| 520 ## - SUMMARY, ETC. | |
| Summary, etc. | This book provides guidance on carrying out property surveys for typical residential, commercial and industrial buildings and includes advice on diagnosing defects. Considers modern and older construction methods and materials. Discusses the particular problems involved with alteration and renovation including carrying out measured surveys. Updated and expanded to cover the latest procedures and research. Also includes new appendices containing the Construction Industry Council's list of definitions of building inspections and surveys, sample survey schedules, advice on surveying safely and a glossary of building inspection terms. Bibliography. |
| 590 ## - LOCAL NOTE (RLIN) | |
| Local note | IKA020805 |
| 690 ## - LOCAL SUBJECT ADDED ENTRY--TOPICAL TERM (OCLC, RLIN) | |
| Topical term or geographic name as entry element | Building surveying |
| 9 (RLIN) | 6225 |
| 700 ## - ADDED ENTRY--PERSONAL NAME | |
| Personal name | Douglas, James |
| 942 ## - ADDED ENTRY ELEMENTS (KOHA) | |
| Suppress in OPAC | 0 |
| Withdrawn status | Lost status | Source of classification or shelving scheme | Damaged status | Not for loan | Home library | Current library | Shelving location | Date acquired | Cost, normal purchase price | Total Checkouts | Full call number | Barcode | Date last seen | Date last checked out | Copy number | Cost, replacement price | Price effective from | Koha item type |
|---|---|---|---|---|---|---|---|---|---|---|---|---|---|---|---|---|---|---|
| Dewey Decimal Classification | London | London | Basement | 17/02/2006 | 34.99 | 33 | BASEMENT | 30071907 | 06/08/2019 | 02/12/2009 | 3 | 34.99 | 06/08/2019 | Book | ||||
| Missing from bundle | Virtual | Virtual | Online | 05/02/2010 | 47.90 | EBOOK | 130182-3001 | 06/08/2019 | 1 | 47.90 | 06/08/2019 | Book |